000 00482nam a2200157Ia 4500
008 230718s9999 xx 000 0 und d
041 _aeng
082 _a621.7
_bCHO
100 _aChoudhury S.K.H.
245 _aElements Of Workshop Technology
_bVol.1: Manufacturing Processes
260 _c2008
_bMedia Promoters & Publishers
300 _a650
365 _cRs.
_b200.00
700 _aChoudhury S.K.H.; Choudhury A.K.H. & Roy N.
906 _dB:108090107020-Jan-2009
_cALLIED
_b450
999 _c320147
_d320147